000 00337nam a22001217a 4500
020 _a0072426527
082 _222
_a301
100 _aKottak, Conrad Phillip.
245 _aAnthropology : the exploration of hamer diversity /
260 _bMc Graw- hill higher education,
_cc 2002.
300 _axxix, 738 p, ;
_bNA
_c24 cm.
942 _2ddc
_cGEN
999 _c3802
_d3802